[Event "21st Panam-ch"]
[Site "Mar del Plata ARG"]
[Date "2012.10.20"]
[Round "10.63"]
[White "Avila, Pedro Andres"]
[Black "Sepulveda Perez, Jorge Eduardo"]
[Result "1-0"]
[WhiteElo "2145"]
[BlackElo "1953"]
[EventDate "2012.10.12"]
[PlyCount "95"]

1.e4 c5 2.d4 cxd4 3.c3 dxc3 4.Nxc3 Nc6 5.Bc4 e6 6.Nf3 a6 7.O-O d6 8.Qe2 
Nf6 9.Rd1 Qc7 10.Bf4 Ne5 11.Bb3 Be7 12.Rac1 Qb8 13.Nd4 O-O 14.h3 Rd8 15.
Bg3 Bd7 16.f4 Nc6 17.Nf3 b5 18.Kh1 Na5 19.Bc2 Nc4 20.Bd3 Nb6 21.Ng5 g6 22.
Nf3 Qb7 23.Bh4 Bc6 24.a3 Nh5 25.Qe3 Nc4 26.Bxc4 bxc4 27.Bxe7 Qxe7 28.Ne2 
Bb5 29.Rd2 Nf6 30.Rcd1 Qb7 31.Nc3 Bc6 32.Re1 Rab8 33.Qd4 Nh5 34.Qe3 Qb6 
35.Nd4 Be8 36.Qf3 Bc6 37.f5 Ng7 38.f6 Ne8 39.Nxe6 Rd7 40.Rf1 Nc7 41.Nxc7 
Qxc7 42.Qf4 Qd8 43.Rfd1 Qe8 44.Rxd6 Rxd6 45.Rxd6 Bb5 46.a4 Bc6 47.Qh6 Qxe4
48.Qg7# 1-0

[Event "21st Panam-ch"]
[Site "Mar del Plata ARG"]
[Date "2012.10.20"]
[Round "10.64"]
[White "Bianchi, Augusto"]
[Black "Fiori, Hector"]
[Result "1-0"]
[WhiteElo "1903"]
[BlackElo "2125"]
[EventDate "2012.10.12"]
[PlyCount "81"]

1.c4 g6 2.Nf3 Bg7 3.Nc3 d6 4.g3 f5 5.d4 Nf6 6.Bg2 O-O 7.O-O Nc6 8.Rb1 Nh5 
9.h3 Kh8 10.b4 Rb8 11.Qd2 e5 12.dxe5 dxe5 13.Qxd8 Nxd8 14.Nd2 Ne6 15.Bb2 
Bd7 16.Rfd1 Rfd8 17.Nb3 b6 18.Nd5 Ba4 19.Ne7 e4 20.Bxg7+ Kxg7 21.e3 c6 22.
g4 Kf6 23.Nxc6 Bxc6 24.gxh5 gxh5 25.Nd4 Ba4 26.Rd2 Rb7 27.Rbb2 Rg8 28.Kh2 
Rbg7 29.f3 exf3 30.Bxf3 Rg3 31.Rg2 Nxd4 32.Rxg3 Rxg3 33.Kxg3 h4+ 34.Kf2 
Ne6 35.Bd5 Ng5 36.Kg2 Ke5 37.Bb7 Ne6 38.Rd2 f4 39.Rd5+ Kf6 40.Rd6 fxe3 41.
Bd5 1-0

[Event "21st Panam-ch"]
[Site "Mar del Plata ARG"]
[Date "2012.10.20"]
[Round "10.65"]
[White "Baeta, Marcio Netto"]
[Black "Speranza, Mariano"]
[Result "1-0"]
[WhiteElo "2101"]
[BlackElo "1851"]
[EventDate "2012.10.12"]
[PlyCount "67"]

1.d4 d5 2.c4 e6 3.Nc3 Nf6 4.Bg5 Be7 5.e3 Nbd7 6.Nf3 c6 7.Rc1 dxc4 8.Bxc4 
b5 9.Bd3 Bb7 10.O-O a6 11.e4 h6 12.Be3 Ng4 13.Bf4 c5 14.d5 e5 15.Bg3 Bd6 
16.Nh4 h5 17.Nf5 Qf6 18.Be2 Nh6 19.Bh4 g5 20.Bxg5 Qg6 21.Bxh5 Qxg5 22.
Nxd6+ Ke7 23.Nxb7 Rag8 24.d6+ Ke8 25.Bf3 Qh4 26.Re1 Ng4 27.Bxg4 Rxg4 28.
Qf3 Qxh2+ 29.Kf1 Rf4 30.Qe3 Qh1+ 31.Ke2 Qxg2 32.Rg1 Qh3 33.Qxh3 Rxh3 34.
Rg8+ 1-0

[Event "21st Panam-ch"]
[Site "Mar del Plata ARG"]
[Date "2012.10.20"]
[Round "10.66"]
[White "Cervetto, Esteban"]
[Black "Saitta, Jorge"]
[Result "1-0"]
[WhiteElo "2100"]
[BlackElo "1847"]
[EventDate "2012.10.12"]
[PlyCount "97"]

1.e4 c5 2.Nf3 Nc6 3.d4 cxd4 4.Nxd4 e5 5.Nb5 a6 6.Nd6+ Bxd6 7.Qxd6 Qf6 8.
Qxf6 Nxf6 9.Nc3 Nb4 10.Bd3 Nxd3+ 11.cxd3 h6 12.f4 exf4 13.Bxf4 O-O 14.O-O 
Kh7 15.Bd6 Re8 16.e5 Re6 17.Na4 Nd5 18.Rxf7 b6 19.Nc3 Ne3 20.Re1 Nc2 21.
Re4 Bb7 22.Rg4 Rg6 23.Rxg6 Kxg6 24.Rxd7 Bc8 25.Rc7 Nd4 26.Nd5 Be6 27.Nf4+ 
Kf5 28.Nxe6 Nxe6 29.Rf7+ Kg6 30.Rb7 b5 31.Rb6 Rc8 32.Rxa6 Kf5 33.b4 Rc2 
34.a4 bxa4 35.Rxa4 Nf4 36.g3 Rc1+ 37.Kf2 Nxd3+ 38.Ke3 Nxe5 39.Ra5 Re1+ 40.
Kf2 Re4 41.Rxe5+ Rxe5 42.Bxe5 Kxe5 43.h4 g6 44.Ke3 Kd5 45.Kf4 Ke6 46.Ke4 
Kd6 47.Kd4 g5 48.hxg5 hxg5 49.g4 1-0

[Event "21st Panam-ch"]
[Site "Mar del Plata ARG"]
[Date "2012.10.20"]
[Round "10.67"]
[White "Pirola, Marcos"]
[Black "Oliveira, Francemir Barra de"]
[Result "0-1"]
[WhiteElo "2070"]
[BlackElo "1799"]
[EventDate "2012.10.12"]
[PlyCount "78"]

1.c4 Nf6 2.Nc3 e5 3.g3 c6 4.d4 exd4 5.Qxd4 Be7 6.Bg2 O-O 7.e4 d6 8.Nge2 
Nbd7 9.O-O Nc5 10.b4 Ne6 11.Qd3 Qc7 12.Bb2 Nd7 13.f4 Qb6+ 14.Kh1 Qxb4 15.
a3 Qa5 16.Rad1 Ndc5 17.Qc2 Rb8 18.f5 Nd8 19.f6 gxf6 20.Nf4 Nd7 21.Ncd5 
cxd5 22.Nxd5 Nc6 23.Rf5 Nde5 24.Qf2 Bxf5 25.Qxf5 Qd8 26.Bh3 Kh8 27.Rf1 Rg8
28.Qh5 Rg5 29.Qe2 a6 30.Bc1 Rg6 31.Bf5 Nd4 32.Qf2 Nxf5 33.exf5 Rg8 34.Qd4 
Rc8 35.Qa7 Qd7 36.Nb6 Qc6+ 37.Nd5 Nxc4 38.Qd4 Ne5 39.Kg1 {Ilegible} 39...
Bd8 0-1

[Event "21st Panam-ch"]
[Site "Mar del Plata ARG"]
[Date "2012.10.20"]
[Round "10.68"]
[White "Rodriguez, Carolina"]
[Black "Lo Presti, Roberto"]
[Result "1-0"]
[WhiteElo "1776"]
[BlackElo "2065"]
[EventDate "2012.10.12"]
[PlyCount "135"]

1.e4 e6 2.d4 d5 3.Nd2 Nf6 4.e5 Nfd7 5.Bd3 c5 6.c3 Nc6 7.Ne2 cxd4 8.cxd4 f6
9.exf6 Nxf6 10.O-O Bd6 11.Nf3 O-O 12.Bf4 Nh5 13.Bxd6 Qxd6 14.Ng3 Nf4 15.
Bb1 Bd7 16.Re1 Qb4 17.b3 g6 18.Bc2 Rac8 19.Rc1 Nh3+ 20.gxh3 Rxf3 21.Qxf3 
Nxd4 22.Qg4 Rxc2 23.Red1 Qc3 24.Rxc2 Nxc2 25.Rc1 Qb2 26.Rd1 Qg7 27.Rd2 Na3
28.Qd4 Qxd4 29.Rxd4 Nc2 30.Rd1 Nb4 31.Rd2 Kf7 32.f4 Bb5 33.Kf2 Kf6 34.Ke3 
Nc6 35.a4 Ba6 36.Ne2 Bxe2 37.Kxe2 Kf5 38.Kf3 g5 39.fxg5 Kxg5 40.Rg2+ Kf6 
41.h4 Nd4+ 42.Kg4 Nxb3 43.Rb2 Nc5 44.Rb5 b6 45.a5 Ke5 46.axb6 axb6 47.Rxb6
d4 48.Kf3 Kd5 49.h5 e5 50.Rh6 e4+ 51.Ke2 Ne6 52.Rxh7 Nf4+ 53.Kd1 e3 54.h6 
Ke4 55.Rg7 d3 56.h7 Nh3 57.Rd7 Ng5 58.Rd4+ Kxd4 59.h8=Q+ Ke4 60.Qe8+ Kf4 
61.Qf8+ Ke5 62.Qg7+ Kf4 63.Qf6+ Kg4 64.Qd4+ Kf3 65.Qxd3 Ne4 66.Qf1+ Nf2+ 
67.Kc1 Ke4 68.Kc2 1-0

[Event "21st Panam-ch"]
[Site "Mar del Plata ARG"]
[Date "2012.10.20"]
[Round "10.71"]
[White "Brizzi, Milagros Tatiana"]
[Black "Teixeira, Ricardo da Silva"]
[Result "0-1"]
[WhiteElo "1839"]
[BlackElo "2276"]
[EventDate "2012.10.12"]
[PlyCount "62"]

1.e4 e6 2.d3 c5 3.Nf3 Nc6 4.g3 g6 5.Bg2 Bg7 6.O-O Nge7 7.c3 d5 8.Qe2 b6 9.
e5 Qc7 10.Bf4 h6 11.h4 Ba6 12.Re1 g5 13.hxg5 Ng6 14.Qc2 Nxf4 15.gxf4 O-O-O
16.Nbd2 hxg5 17.Nxg5 Rh4 18.Qa4 Bxd3 19.Nxf7 Qxf7 20.Qxc6+ Kb8 21.Re3 Ba6 
22.Qa4 Bb7 23.Rg3 Bh6 24.Nf3 Rxf4 25.Qd1 Rf8 26.Rb1 d4 27.Ne1 Rxf2 28.cxd4
Rf1+ 29.Kh2 Bxg2 30.Rxg2 Bf4+ 31.Kh3 Rh8+ 0-1

[Event "21st Panam-ch"]
[Site "Mar del Plata ARG"]
[Date "2012.10.20"]
[Round "10.72"]
[White "Besso, Javier Alejandro"]
[Black "Arias, Juan Carlos"]
[Result "0-1"]
[WhiteElo "1751"]
[BlackElo "2215"]
[EventDate "2012.10.12"]
[PlyCount "76"]

1.d4 d5 2.c4 e6 3.Nc3 f5 4.g3 c6 5.Bg2 Nf6 6.Nh3 Be7 7.O-O O-O 8.Bf4 h6 9.
Re1 Nbd7 10.Qb3 g5 11.Bd2 Kh8 12.f3 dxc4 13.Qxc4 e5 14.d5 Nb6 15.Qb3 cxd5 
16.f4 gxf4 17.gxf4 Bc5+ 18.Kh1 e4 19.Na4 Nxa4 20.Qxa4 Bd7 21.Qb3 Qb6 22.
Qg3 Rg8 23.Qh4 Rg6 24.e3 Qxb2 25.Qf2 Ng4 26.Qe2 Qb5 27.Qd1 Kh7 28.Rb1 Qc6 
29.Qe2 Rag8 30.Bc3 Nxe3 31.Ng5+ Rxg5 32.fxg5 Rxg5 33.Bh3 d4 34.Ba1 Ng4 35.
Bg2 Qd5 36.Bxe4 Bc6 37.Rxb7+ Kg6 38.Qg2 fxe4 0-1

[Event "21st Panam-ch"]
[Site "Mar del Plata ARG"]
[Date "2012.10.20"]
[Round "10.73"]
[White "March, Diego"]
[Black "Restuccia, Francisco"]
[Result "1/2-1/2"]
[WhiteElo "1822"]
[BlackElo "2118"]
[EventDate "2012.10.12"]
[PlyCount "57"]

1.d4 d5 2.c4 Bf5 3.Nc3 e6 4.cxd5 exd5 5.Qb3 Nc6 6.e3 Nb4 7.e4 Bxe4 8.Nxe4 
dxe4 9.a3 Qxd4 10.Be3 Qd5 11.Bc4 Nd3+ 12.Kf1 Qf5 13.Qxb7 Rc8 14.Ne2 Ne7 
15.Ng3 Qe5 16.Nxe4 Nxb2 17.f4 Qf5 18.Qxb2 Qxe4 19.Qd4 Qxd4 20.Bxd4 c5 21.
Bc3 f6 22.Kf2 Nc6 23.Rad1 Be7 24.Rhe1 Rc7 25.Bb5 Kf7 26.Bxc6 Rxc6 27.Rd7 
Re6 28.Rxe6 Kxe6 29.Rxa7 1/2-1/2

[Event "21st Panam-ch"]
[Site "Mar del Plata ARG"]
[Date "2012.10.20"]
[Round "10.75"]
[White "Morelli, Nicolas"]
[Black "Etchevest, Marcelo"]
[Result "1-0"]
[WhiteElo "2036"]
[BlackElo "1744"]
[EventDate "2012.10.12"]
[PlyCount "69"]

1.e4 g6 2.Nc3 Bg7 3.g3 c6 4.Bg2 d6 5.f4 Nh6 6.Nf3 Qb6 7.Qe2 e5 8.fxe5 dxe5
9.d3 Na6 10.Nd1 f6 11.h3 Be6 12.Be3 Qc7 13.O-O Nf7 14.Nc3 Qd7 15.Kh2 h5 
16.d4 O-O-O 17.d5 cxd5 18.exd5 Bg4 19.Bxa7 Nd6 20.a4 e4 21.Nxe4 Rde8 22.
Nxd6+ Qxd6 23.Qc4+ Nc7 24.Nd4 Bd7 25.Nb5 Bxb5 26.axb5 Kd7 27.Bc5 Qe5 28.b6
h4 29.bxc7 hxg3+ 30.Kg1 Qe2 31.Qa4+ Kc8 32.Qa8+ Kxc7 33.d6+ Kd7 34.Qxb7+ 
Ke6 35.Qd5+ 1-0

[Event "21st Panam-ch"]
[Site "Mar del Plata ARG"]
[Date "2012.10.20"]
[Round "10.78"]
[White "Aguero Arce, Matias"]
[Black "Cortes Orihuela, Javier"]
[Result "0-1"]
[WhiteElo "1633"]
[BlackElo "1948"]
[EventDate "2012.10.12"]
[PlyCount "102"]

1.d4 Nf6 2.Nf3 g6 3.c4 Bg7 4.Nc3 O-O 5.e4 d6 6.Be2 e5 7.O-O Nc6 8.d5 Ne7 
9.Ne1 Ne8 10.Be3 f5 11.f3 f4 12.Bf2 g5 13.Rc1 Ng6 14.b4 Nf6 15.c5 Rf7 16.
a4 Bf8 17.a5 h5 18.cxd6 cxd6 19.Nb5 g4 20.Bxa7 g3 21.Bb6 Qe7 22.Nc7 Nh7 
23.Ne6 Qh4 24.h3 Ng5 25.Nxg5 Qxg5 26.Rxc8 Rxc8 27.Bb5 Bg7 28.Qa4 Qe7 29.
Nd3 Nf8 30.Rc1 Rxc1+ 31.Nxc1 Nd7 32.Ba7 Qd8 33.Kh1 Bf6 34.Ne2 Qc8 35.Ng1 
Kg7 36.Ne2 Qc7 37.Bg1 h4 38.Bd3 Bd8 39.Qc2 Qxc2 40.Bxc2 Nb8 41.Ba4 Rc7 42.
Bb3 Rc8 43.Ba7 Na6 44.b5 Nc5 45.Bxc5 Rxc5 46.a6 bxa6 47.bxa6 Ra5 48.Bc4 
Ra1+ 49.Ng1 Bb6 50.Bf1 Rxf1 51.a7 Bxa7 0-1

[Event "21st Panam-ch"]
[Site "Mar del Plata ARG"]
[Date "2012.10.20"]
[Round "10.79"]
[White "Ezcurra, Mariano"]
[Black "Epelboin, Matias"]
[Result "1/2-1/2"]
[WhiteElo "1560"]
[BlackElo "1941"]
[EventDate "2012.10.12"]
[PlyCount "29"]

1.c4 Nf6 2.Nc3 g6 3.e4 d6 4.g3 Bg7 5.Bg2 O-O 6.Nge2 c5 7.O-O e5 8.d3 Ne8 
9.f4 f5 10.exf5 Bxf5 11.Qb3 Qb6 12.Qxb6 axb6 13.Be4 Bh3 14.Bg2 Bxg2 15.
Kxg2 1/2-1/2

[Event "21st Panam-ch"]
[Site "Mar del Plata ARG"]
[Date "2012.10.20"]
[Round "10.87"]
[White "Schuh, Astor Jose"]
[Black "Figar, Nicolas"]
[Result "1-0"]
[WhiteElo "2055"]
[BlackElo "1802"]
[EventDate "2012.10.12"]
[PlyCount "116"]

1.e4 e5 2.Nf3 Nc6 3.d4 exd4 4.Nxd4 Nf6 5.Nxc6 bxc6 6.Bd3 Be7 7.e5 Nd5 8.
O-O O-O 9.c4 Nb6 10.Qh5 g6 11.Qf3 d6 12.Bh6 Re8 13.Bf4 Be6 14.Nd2 dxe5 15.
Bxe5 Bb4 16.Ne4 Nd7 17.Nf6+ Nxf6 18.Bxf6 Qd6 19.Rad1 Bg4 20.Qxg4 Qxf6 21.
a3 Bd6 22.b4 c5 23.b5 Qc3 24.Bb1 Qxa3 25.Be4 Rad8 26.Bd5 Qc3 27.g3 Kg7 28.
Rc1 Qe5 29.Qf3 Qf6 30.Qxf6+ Kxf6 31.Ra1 Re2 32.Rxa7 Re7 33.f4 Kg7 34.Rf2 
f5 35.Kg2 Kf6 36.h4 h5 37.Rfa2 Rb8 38.Ra8 Rxa8 39.Bxa8 Re8 40.Kf2 Re7 41.
Bd5 Re8 42.Ra7 Re7 43.Ra8 Kg7 44.Rd8 Kh7 45.b6 c6 46.Bg8+ Kg7 47.Rxd6 Kxg8
48.Rxg6+ Kf7 49.Rxc6 Ke8 50.Rxc5 Rb7 51.Rxf5 Rxb6 52.Rxh5 Rc6 53.c5 Kf7 
54.Rg5 Ra6 55.Kf3 Ra3+ 56.Kg4 Rc3 57.h5 Ke8 58.h6 Rxg3+ 1-0

[Event "21st Panam-ch"]
[Site "Mar del Plata ARG"]
[Date "2012.10.20"]
[Round "10.88"]
[White "Prado, Hamilton Mesquita do"]
[Black "Heinecke, Victor"]
[Result "0-1"]
[WhiteElo "1669"]
[BlackElo "2025"]
[EventDate "2012.10.12"]
[PlyCount "82"]

1.d4 Na6 2.c3 c6 3.Bf4 Nf6 4.h3 g6 5.Nd2 Bg7 6.e3 Nc7 7.Ngf3 O-O 8.Be2 Ne6
9.Bh2 c5 10.O-O b6 11.a4 Bb7 12.Re1 cxd4 13.exd4 Rc8 14.a5 d6 15.Qb3 Qc7 
16.axb6 axb6 17.Ra7 Ra8 18.Rea1 Rxa7 19.Rxa7 Ra8 20.Qa3 Rxa7 21.Qxa7 Qc6 
22.Ne1 Ng5 23.h4 Nge4 24.Bf3 h5 25.Bf4 b5 26.Qb8+ Kh7 27.Nd3 Qd7 28.Nxe4 
Bxe4 29.Ne1 Qf5 30.Bg3 Bxf3 31.gxf3 Qb1 32.Kf1 Qxb2 33.Qc8 Qb3 34.Qb7 Qc4+
35.Kg2 Qxc3 36.Kf1 Qc4+ 37.Kg2 Nd5 38.f4 Qxd4 39.Nf3 Nxf4+ 40.Bxf4 Qxf4 
41.Qxe7 Qg4+ 0-1

[Event "21st Panam-ch"]
[Site "Mar del Plata ARG"]
[Date "2012.10.20"]
[Round "10.90"]
[White "Curotto, Nicolas"]
[Black "Desanzo, Juan Carlos"]
[Result "1-0"]
[WhiteElo "1859"]
[BlackElo "1604"]
[EventDate "2012.10.12"]
[PlyCount "43"]

1.e4 c5 2.b3 Nc6 3.Bb2 d6 4.Bb5 e6 5.Ne2 Nf6 6.Bxc6+ bxc6 7.d3 Be7 8.O-O 
O-O 9.Nd2 Qc7 10.Ng3 e5 11.Nh5 g6 12.Nxf6+ Bxf6 13.f4 d5 14.Qf3 d4 15.f5 
Qe7 16.Nc4 Ba6 17.Bc1 Kg7 18.Qh3 Rh8 19.Bh6+ Kg8 20.Qf3 Bxc4 21.bxc4 Rf8 
22.Bxf8 1-0

[Event "21st Panam-ch"]
[Site "Mar del Plata ARG"]
[Date "2012.10.20"]
[Round "10.93"]
[White "Caceres Recalde, Gonzalo"]
[Black "Morales, Guillermo"]
[Result "1/2-1/2"]
[WhiteElo "1582"]
[BlackElo "1779"]
[EventDate "2012.10.12"]
[PlyCount "77"]

1.e4 Nf6 2.Nc3 e5 3.Nf3 d6 4.Bc4 Be7 5.d3 O-O 6.O-O Bg4 7.h3 Bd7 8.Nh2 h6 
9.f4 exf4 10.Bxf4 Nc6 11.Nd5 Ne5 12.Bb3 Ng6 13.Nxf6+ Bxf6 14.Bc1 Bg5 15.
Qh5 Bxc1 16.Qxg6 Bxb2 17.Bxf7+ Kh8 18.Rab1 Bd4+ 19.Kh1 Be8 20.Ng4 Bxf7 21.
Rxf7 Rxf7 22.Qxf7 Bb6 23.Rf1 Qg8 24.Qg6 Rf8 25.Rxf8 Qxf8 26.Qf5 Qxf5 27.
exf5 h5 28.Nh2 Kg8 29.g4 hxg4 30.hxg4 Kf7 31.Nf3 Kf6 32.Kh2 Be3 33.Kg3 b5 
34.Nh4 b4 35.Kf3 Bc1 36.Ng6 a5 37.Nf8 c5 38.Nd7+ Ke7 39.Nb6 1/2-1/2

[Event "21st Panam-ch"]
[Site "Mar del Plata ARG"]
[Date "2012.10.21"]
[Round "11.2"]
[White "Flores, Diego"]
[Black "Mekhitarian, Krikor Sevag"]
[Result "1-0"]
[WhiteElo "2598"]
[BlackElo "2503"]
[EventDate "2012.10.12"]
[PlyCount "83"]

1.c4 e6 2.Nf3 d5 3.g3 dxc4 4.Qa4+ Bd7 5.Qxc4 c5 6.Ne5 Nc6 7.Nxd7 Qxd7 8.
Bg2 Rc8 9.O-O h5 10.Nc3 h4 11.d3 Nd4 12.a4 Nf6 13.a5 Nd5 14.Qa2 hxg3 15.
fxg3 Nc2 16.Nxd5 exd5 17.Bxd5 c4 18.dxc4 Bc5+ 19.e3 O-O 20.Qa4 Bxe3+ 21.
Bxe3 Qxa4 22.Rxa4 Nxe3 23.Bxb7 Rc7 24.a6 Nxf1 25.Kxf1 Rd8 26.Bd5 Rc5 27.b4
Rcxd5 28.cxd5 Rxd5 29.Ra1 Rb5 30.Rb1 Kf8 31.Ke2 Ke7 32.Kd3 Kd6 33.Kc4 Re5 
34.Rf1 f5 35.g4 g6 36.gxf5 gxf5 37.Rg1 Re4+ 38.Kb5 Re5+ 39.Ka4 Re6 40.Rg7 
Kc6 41.b5+ Kc5 42.Rxa7 1-0

[Event "21st Panam-ch"]
[Site "Mar del Plata ARG"]
[Date "2012.10.21"]
[Round "11.3"]
[White "Kaidanov, Gregory"]
[Black "Roselli Mailhe, Bernardo"]
[Result "1-0"]
[WhiteElo "2587"]
[BlackElo "2430"]
[EventDate "2012.10.12"]
[PlyCount "125"]

1.e4 e6 2.d4 d5 3.Nc3 Bb4 4.e5 b6 5.Qg4 Bf8 6.Nf3 Qd7 7.Bd3 Ba6 8.O-O Ne7 
9.Ne2 Bxd3 10.cxd3 Nbc6 11.Bd2 O-O-O 12.Rfc1 Kb7 13.b4 a6 14.a4 h5 15.Qg5 
Nf5 16.Bc3 Nxb4 17.a5 b5 18.Qd2 Nc6 19.Rc2 Rc8 20.Nc1 f6 21.Nb3 fxe5 22.
dxe5 d4 23.Bb2 Qd5 24.Rac1 Qxb3 25.Rxc6 Bb4 26.Qe2 Bxa5 27.Qe4 Qd5 28.Rxe6
Qxe4 29.dxe4 Nh6 30.Bxd4 Bb4 31.Rg6 c5 32.Rxg7+ Kb6 33.Be3 Ng4 34.Bf4 Rhf8
35.g3 Rc6 36.h3 Nh6 37.e6 Rxe6 38.Bc7+ Kb7 39.Ng5 Rg8 40.Rxg8 Rc6 41.Bf4 
Nxg8 42.Nf7 Kb6 43.Ne5 Re6 44.Nd7+ Kc6 45.Ne5+ Kb6 46.f3 c4 47.g4 hxg4 48.
hxg4 Bd6 49.Be3+ Kc7 50.Nf7 Ba3 51.Rc2 Ne7 52.g5 Nd5 53.exd5 Rxe3 54.g6 
Bf8 55.Ng5 Kd6 56.Kf2 Rb3 57.Ne6 Bh6 58.g7 Bxg7 59.Nxg7 Kxd5 60.Nf5 a5 61.
Ne3+ Kd4 62.Re2 a4 63.Nc2+ 1-0

[Event "21st Panam-ch"]
[Site "Mar del Plata ARG"]
[Date "2012.10.21"]
[Round "11.4"]
[White "Shabalov, Alexander"]
[Black "Bacallao Alonso, Yusnel"]
[Result "1-0"]
[WhiteElo "2570"]
[BlackElo "2580"]
[EventDate "2012.10.12"]
[PlyCount "71"]

1.Nf3 Nf6 2.c4 g6 3.Nc3 d5 4.cxd5 Nxd5 5.Qb3 Nb6 6.d4 Be6 7.Qc2 Bg7 8.e4 
O-O 9.Be3 Bc4 10.Be2 N8d7 11.Rd1 c6 12.O-O Qc7 13.a4 a5 14.Rfe1 Rac8 15.
Bg5 Bxe2 16.Qxe2 Rfe8 17.Bh4 Nf6 18.Bg3 Qd8 19.h3 Nh5 20.Bh2 Bh6 21.Ne5 
Nd7 22.Nc4 b5 23.axb5 cxb5 24.Nxb5 Nf4 25.Qf1 Rb8 26.Nc3 Qc8 27.d5 Rb4 28.
Nxa5 Ne5 29.Nc6 Nxc6 30.dxc6 e6 31.Rd6 Qc7 32.Red1 Reb8 33.Qa6 R8b6 34.Qa5
Rxb2 35.Rd7 Qxc6 36.Rd8+ {tiempo} 1-0

[Event "21st Panam-ch"]
[Site "Mar del Plata ARG"]
[Date "2012.10.21"]
[Round "11.6"]
[White "Mareco, Sandro"]
[Black "Ortiz Suarez, Isan Reynaldo"]
[Result "1-0"]
[WhiteElo "2581"]
[BlackElo "2579"]
[EventDate "2012.10.12"]
[PlyCount "109"]

1.Nf3 Nf6 2.c4 c6 3.g3 d5 4.Bg2 Bg4 5.O-O Nbd7 6.d3 dxc4 7.dxc4 e5 8.Nc3 
Bb4 9.Qc2 Qe7 10.b3 O-O 11.h3 Bxf3 12.Bxf3 Rfe8 13.Bg2 e4 14.e3 Bd6 15.Bb2
Nc5 16.Rad1 Rad8 17.Ba3 h5 18.h4 Nd3 19.Bxd6 Qxd6 20.Rd2 Kf8 21.Rfd1 Qe7 
22.Nxe4 Nb4 23.Qb1 Nxe4 24.Rxd8 Rxd8 25.Rxd8+ Qxd8 26.Bxe4 Qa5 27.Qe1 g6 
28.Qc3 Kg8 29.a4 Qc5 30.Qf6 Qb6 31.Bxg6 fxg6 32.Qxg6+ Kf8 33.Qxh5 c5 34.
Qe5 Nc6 35.Qf6+ Kg8 36.Qg6+ Kh8 37.Qf6+ Kg8 38.h5 Qxb3 39.Qg5+ Kh8 40.Qf6+
Kg8 41.Qg5+ Kh8 42.Qh6+ Kg8 43.Qe6+ Kh8 44.Kg2 Qd3 45.g4 Qd8 46.f4 Qd2+ 
47.Kh3 Qd1 48.Kh4 Nd8 49.Qg6 Qd7 50.Qf6+ Kg8 51.h6 Ne6 52.g5 Nf8 53.g6 b6 
54.e4 Qc7 55.g7 1-0

[Event "21st Panam-ch"]
[Site "Mar del Plata ARG"]
[Date "2012.10.21"]
[Round "11.7"]
[White "Bruzon Batista, Lazaro"]
[Black "De Dovitiis, Alejo"]
[Result "1-0"]
[WhiteElo "2717"]
[BlackElo "2348"]
[EventDate "2012.10.12"]
[PlyCount "105"]

1.d4 Nf6 2.c4 e6 3.Nc3 Bb4 4.e3 b6 5.Nf3 Bb7 6.Bd3 O-O 7.O-O Bxc3 8.bxc3 
Be4 9.Be2 d6 10.Ne1 Bb7 11.f3 c5 12.e4 Qd7 13.d5 Ne8 14.Bd3 Qe7 15.Nc2 Nd7
16.Ne3 Nc7 17.a4 a6 18.Rb1 Rab8 19.Re1 Bc8 20.Rb2 Ne5 21.Bf1 Ng6 22.Bd2 a5
23.Qb1 Na8 24.g3 Bd7 25.Qc2 Qe8 26.Ra2 Qd8 27.Qd1 Nc7 28.Bg2 e5 29.Bc1 Ne7
30.f4 exf4 31.gxf4 Ng6 32.Rf2 Ne8 33.Nf1 Qh4 34.e5 dxe5 35.fxe5 Qxc4 36.
Re4 Qa6 37.Ng3 f5 38.Re1 Qc4 39.d6 Be6 40.Nxf5 Rf7 41.Re3 Qa6 42.Bd5 Qc8 
43.c4 Kh8 44.Ne7 Nxe7 45.Rxf7 Bxf7 46.Bxf7 Qd7 47.Bxe8 Rxe8 48.e6 Qd8 49.
d7 Rf8 50.Rf3 Nc6 51.Rxf8+ Qxf8 52.Bg5 h6 53.e7 1-0

[Event "21st Panam-ch"]
[Site "Mar del Plata ARG"]
[Date "2012.10.21"]
[Round "11.8"]
[White "Valerga, Diego"]
[Black "Tristan, Leonardo"]
[Result "1-0"]
[WhiteElo "2485"]
[BlackElo "2442"]
[EventDate "2012.10.12"]
[PlyCount "49"]

1.d4 Nf6 2.c4 e6 3.Nf3 d5 4.Nc3 Bb4 5.cxd5 exd5 6.Bg5 Nbd7 7.Qc2 h6 8.Bh4 
c5 9.e3 c4 10.Be2 Bxc3+ 11.bxc3 O-O 12.Nd2 Re8 13.O-O Qa5 14.Bf3 Re6 15.
Rfe1 Nb6 16.Bxf6 Rxf6 17.e4 dxe4 18.Nxe4 Rxf3 19.gxf3 Qf5 20.Qe2 Bd7 21.
Ng3 Qa5 22.Qe5 Nd5 23.Nh5 f6 24.Qg3 g5 25.Qd6 1-0

[Event "21st Panam-ch"]
[Site "Mar del Plata ARG"]
[Date "2012.10.21"]
[Round "11.9"]
[White "Matamoros Franco, Carlos"]
[Black "Leitao, Rafael"]
[Result "1/2-1/2"]
[WhiteElo "2534"]
[BlackElo "2617"]
[EventDate "2012.10.12"]
[PlyCount "86"]

1.c4 e6 2.g3 Nf6 3.Bg2 d5 4.Nf3 dxc4 5.Qa4+ Nbd7 6.Qxc4 a6 7.Qc2 c5 8.Nc3 
Bd6 9.d4 O-O 10.O-O cxd4 11.Nxd4 Qe7 12.Rd1 Rd8 13.Bd2 Rb8 14.Rac1 Nf8 15.
Bg5 h6 16.Bxf6 Qxf6 17.Ne4 Qe7 18.Nxd6 Rxd6 19.Nb3 Rxd1+ 20.Qxd1 b6 21.Nd4
Bd7 22.Nc6 Bxc6 23.Rxc6 Rd8 24.Qb3 Nd7 25.Qc2 a5 26.a3 g6 27.h3 h5 28.h4 
b5 29.Ra6 Ne5 30.Rxa5 Qd7 31.Ra8 Rxa8 32.Bxa8 Kh7 33.Bg2 Qd4 34.e3 Qd6 35.
Qc1 Qd3 36.Bf1 Nf3+ 37.Kh1 Qf5 38.Bg2 Ne5 39.Kg1 Qd3 40.Bf1 Nf3+ 41.Kh1 
Qf5 42.Bg2 Ne5 43.Kg1 Qd3 1/2-1/2

[Event "21st Panam-ch"]
[Site "Mar del Plata ARG"]
[Date "2012.10.21"]
[Round "11.10"]
[White "Hernandez Guerrero, Gilberto"]
[Black "Fulgenzi, Ernesto"]
[Result "1-0"]
[WhiteElo "2531"]
[BlackElo "2344"]
[EventDate "2012.10.12"]
[PlyCount "75"]

1.e4 g6 2.d4 Bg7 3.Nc3 c6 4.Be3 d5 5.f3 Nf6 6.e5 Nfd7 7.Qd2 b5 8.Bh6 Bxh6 
9.Qxh6 Nb6 10.Bd3 Nc4 11.Bxc4 dxc4 12.Nge2 Na6 13.O-O Be6 14.a4 b4 15.Ne4 
Qb6 16.c3 O-O-O 17.a5 Qb5 18.cxb4 Qxb4 19.Qe3 Rd5 20.Nf4 Rxa5 21.Nxe6 fxe6
22.Rxa5 Qxa5 23.Rc1 Qb4 24.Qe2 Rd8 25.Rxc4 Qb6 26.Qc2 Kb7 27.Qc3 Nc7 28.
Nc5+ Ka8 29.Na4 Qb7 30.Rxc6 Nb5 31.Qa5 Rd5 32.Nb6+ Kb8 33.Rc8+ Qxc8 34.
Nxc8 Kxc8 35.Qa6+ Kd7 36.Qb7+ Nc7 37.Qxa7 Rb5 38.Qa4 1-0

[Event "21st Panam-ch"]
[Site "Mar del Plata ARG"]
[Date "2012.10.21"]
[Round "11.11"]
[White "Cori Tello, Jorge"]
[Black "Toth, Christian Endre"]
[Result "1-0"]
[WhiteElo "2522"]
[BlackElo "2357"]
[EventDate "2012.10.12"]
[PlyCount "67"]

1.d4 Nf6 2.c4 e6 3.g3 Bb4+ 4.Bd2 Bxd2+ 5.Nxd2 d6 6.Bg2 O-O 7.Ngf3 Qe7 8.
Qc2 e5 9.e3 Re8 10.h3 c5 11.d5 b5 12.e4 Nbd7 13.cxb5 a6 14.Bf1 Rf8 15.bxa6
Bxa6 16.Bxa6 Rxa6 17.O-O Rfa8 18.a4 Rb6 19.Nc4 Rb4 20.a5 Ne8 21.Ra4 Rbb8 
22.Rb1 Nc7 23.b4 Na6 24.bxc5 Rxb1+ 25.Qxb1 Rb8 26.Nb6 Ndxc5 27.Ra2 g6 28.
Rb2 h6 29.Nd2 Kg7 30.Nbc4 Rxb2 31.Qxb2 Qb7 32.Nb6 Nc7 33.Ndc4 Nxe4 34.Nxd6
1-0

[Event "21st Panam-ch"]
[Site "Mar del Plata ARG"]
[Date "2012.10.21"]
[Round "11.12"]
[White "Abdalla, Luiz Guilherme Aurelli"]
[Black "Ricardi, Pablo"]
[Result "0-1"]
[WhiteElo "2316"]
[BlackElo "2505"]
[EventDate "2012.10.12"]
[PlyCount "92"]

1.d4 Nf6 2.c4 e6 3.Nc3 Bb4 4.Qc2 c5 5.dxc5 Na6 6.a3 Bxc3+ 7.Qxc3 Nxc5 8.
Nf3 b6 9.b4 Nce4 10.Qb3 Ng4 11.Be3 Bb7 12.Bd4 O-O 13.h3 Nh6 14.e3 Nf5 15.
Bb2 d5 16.Rd1 Rc8 17.Be2 dxc4 18.Bxc4 Qc7 19.Rc1 Qe7 20.Ke2 Nh4 21.Rhd1 
Nxf3 22.gxf3 Ng5 23.e4 Nxh3 24.Qc3 Qg5 25.Qe5 Qxe5 26.Bxe5 Rxc4 27.Rxc4 
Ba6 28.Rc1 Rc8 29.Kd3 f6 30.Bg3 e5 31.a4 Nf4+ 32.Bxf4 Bxc4+ 33.Rxc4 Rxc4 
34.Kxc4 exf4 35.Kb5 h5 36.Ka6 h4 37.Kxa7 h3 38.Kxb6 h2 39.a5 h1=Q 40.b5 
Qxf3 41.Ka7 Qxf2+ 42.b6 Qc5 43.a6 f3 44.Kb7 f2 45.a7 Qe7+ 46.Kb8 f1=Q 0-1

[Event "21st Panam-ch"]
[Site "Mar del Plata ARG"]
[Date "2012.10.21"]
[Round "11.13"]
[White "Hungaski, Robert"]
[Black "Paiva, Pedro Henrique de"]
[Result "1-0"]
[WhiteElo "2451"]
[BlackElo "2289"]
[EventDate "2012.10.12"]
[PlyCount "81"]

1.d4 Nf6 2.c4 g6 3.Nf3 Bg7 4.g3 O-O 5.Bg2 c5 6.O-O Nc6 7.d5 Na5 8.Nfd2 d6 
9.Nc3 e6 10.Qc2 a6 11.b3 Rb8 12.Bb2 b5 13.Rab1 exd5 14.cxd5 Re8 15.e4 Bd7 
16.Nd1 Qc8 17.Ne3 Bh3 18.Rfe1 Rb7 19.Bc3 b4 20.Bb2 Rbe7 21.f3 Bd7 22.Rbc1 
Bb5 23.Ba1 Qb8 24.f4 Qa7 25.Kh1 Nb7 26.e5 dxe5 27.fxe5 Nd7 28.e6 Bxa1 29.
Rxa1 Nd6 30.Ng4 f5 31.Nf2 Nf6 32.Rac1 Rc7 33.Qb2 c4 34.Nxc4 Bxc4 35.bxc4 
Nxc4 36.Rxc4 Rxc4 37.Qxf6 Rf8 38.Qb2 f4 39.e7 Re8 40.d6 Rd4 41.Ng4 1-0

[Event "21st Panam-ch"]
[Site "Mar del Plata ARG"]
[Date "2012.10.21"]
[Round "11.15"]
[White "Supi, Luis Paulo"]
[Black "Soppe, Guillermo"]
[Result "0-1"]
[WhiteElo "2287"]
[BlackElo "2417"]
[EventDate "2012.10.12"]
[PlyCount "45"]

1.e4 c6 2.Nf3 d5 3.Nc3 dxe4 4.Nxe4 Nf6 5.Nxf6+ gxf6 6.d4 Bg4 7.Be2 Qc7 8.
c4 e6 9.Qa4 Nd7 10.b4 a5 11.b5 Bb4+ 12.Bd2 Bxf3 13.Bxf3 Bxd2+ 14.Kxd2 Nb6 
15.Qb3 c5 16.Rhc1 O-O-O 17.d5 Rhe8 18.g3 exd5 19.cxd5 c4 20.Qc2 Qe5 21.Qc3
Rxd5+ 22.Kc2 Qxc3+ 23.Kxc3 0-1